Criterio jurd̕ico

Detalles Bibliográficos
Autor Corporativo: Pontificia Universidad Javeriana. Seccional Cali. Facultad de Humanidades y Ciencias Sociales
Formato: Desconocido
Lenguaje:español
Publicado: Santiago de Cali, Colombia : Pontificia Universidad Javeriana, Cali
Materias:
Acceso en línea:Acceso restringido

MARC

LEADER 00000ny a22000003n 4500
005 20031011172222.0
008 030605c20uu9999ck ar g 0 0spa
010 |a 2003208722 
022 |a 1657-3978 
035 |a 2574 
040 |a DLC  |c DLC  |d vLex 
050 0 0 |a K3  |b .R567 
050 0 0 |a K3  |b .R567 
090 |c 1586  |d 1586 
245 3 0 |a Criterio jurd̕ico  |h [Recurso electrn̤ico] 
256 |a Servicio en ln̕ea 
260 |a Santiago de Cali, Colombia :  |b Pontificia Universidad Javeriana, Cali 
310 |a Anual 
506 1 |a Contenido solo disponible en los productos indicados  |d vLex Global  |d vLex Global (Academic Edition, excluding Law Schools)  |d vLex Global (U.S. Academic Edition, Law Schools)  |d vLex Global (U.S. Academic Edition, excluding Law Schools)  |d vLex Global (Academic Edition, Law Schools) 
550 |a Issued by: Facultad de Humanidades y Ciencias Sociales, Pontificia Universidad Javeriana, Cali. 
650 0 4 |a Derecho  |x Publicaciones perid̤icas 
650 0 4 |a Derecho  |z Colombia  |x Publicaciones perid̤icas 
710 2 |a Pontificia Universidad Javeriana.  |b Seccional Cali.  |b Facultad de Humanidades y Ciencias Sociales 
740 0 |a vLex Revista (Servicios en ln̕ea) 
843 |a Electrn̤ica. Abierta 
853 |8 1  |i (year)  |j (month)  |k (day) 
856 4 0 |u http://vlex.com/source/2574  |z Acceso restringido 
942 |c REV 
999 0 |a Law  |v Periodicals. 
999 0 |a Law  |z Colombia  |v Periodicals.